| 000 | 01090nam a2200313 i 4500 | ||
|---|---|---|---|
| 001 | 000039368 | ||
| 003 | DO-SdBNP | ||
| 005 | 20250626135506.0 | ||
| 007 | ta | ||
| 008 | 130315s2002 dr r 000 0 spa d | ||
| 040 |
_aDO-SdBNP _bspa _cBNPHU _erda |
||
| 041 | _aspa | ||
| 082 | 4 |
_a001.42 _bR696m 2002 _222 |
|
| 100 |
_aRodríguez Castillo, Príamo _d1943- _eautor _4aut. _964499 |
||
| 245 | 1 | 0 |
_aMetodología de la investigación aplicada / _cPríamo Rodríguez Castillo. |
| 250 | _aSexta edición | ||
| 264 | 4 |
_aSantiago, República Dominicana : _bEditora Nani, C.por A., _c2002. |
|
| 300 |
_aVII, 160 [13] páginas : _bilustraciones ; _c23 cm. |
||
| 336 |
_atexto _btxt _2rdacontent |
||
| 337 |
_asin mediación _bn _2rdamedia |
||
| 338 |
_avolumen _bnc _2rdacarrier |
||
| 500 | _aIncluye datos biográficos del autor en la página161 | ||
| 504 | _aBibliografía: páginas 158-160 | ||
| 590 | _aInventariado, 2024/MFF | ||
| 650 | 4 |
_aCiencia _xMetodología _93 |
|
| 650 | 4 |
_aInvestigación _xMetodología _986655 |
|
| 910 | _aValidado. Control de calidad MFF | ||
| 942 |
_2ddc _cLBS1 |
||
| 999 |
_c38858 _d38858 |
||